| 000 | 00640cam a22002173a 4500 | ||
|---|---|---|---|
| 001 | 35372 | ||
| 003 | PGUSA | ||
| 005 | 20140828083749.0 | ||
| 008 | 110223s2011||||xxu|||||s|||||000 | eng d | ||
| 040 |
_aPGUSA _beng |
||
| 042 | _adc | ||
| 100 | 1 |
_aGottschall, Rudolf von, _d1823-1909 |
|
| 245 | 1 | 0 |
_aWithered Leaves. Vol. II. (of III) : _bA Novel _h[electronic resource] / _cRudolf von Gottschall |
| 260 |
_bProject Gutenberg, _c2011 |
||
| 506 | _aPublic domain in the USA. | ||
| 516 | _aElectronic text | ||
| 700 | 1 | _aNess, Bertha | |
| 830 | 0 |
_aProject Gutenberg _v35372 |
|
| 856 | 4 | 0 | _uhttp://www.gutenberg.org/ebooks/35372 |
| 942 | _cEB | ||
| 999 |
_c264627 _d264627 |
||